Library Banner

Total recall : Successfully boost your memory power (Record no. 4804)

MARC details
000 -LEADER
fixed length control field 00449nam a2200169Ia 4500
001 - CONTROL NUMBER
control field 4669
008 - FIXED-LENGTH DATA ELEMENTS--GENERAL INFORMATION
fixed length control field 140318s9999 xx 000 0 und d
020 ## - INTERNATIONAL STANDARD BOOK NUMBER
International Standard Book Number 0-7225-1505-7
040 ## - CATALOGING SOURCE
Transcribing agency PK-LaUMT
082 ## - DEWEY DECIMAL CLASSIFICATION NUMBER
Classification number 153.12
Item number MIN-T
100 ## - MAIN ENTRY--PERSONAL NAME
Personal name Minninger, Joan
245 ## - TITLE STATEMENT
Title Total recall : Successfully boost your memory power
Statement of responsibility, etc Minninger, Joan
260 ## - PUBLICATION, DISTRIBUTION, ETC. (IMPRINT)
Place of publication, distribution, etc New York,USA:
Name of publisher, distributor, etc Harper & Row Publishers,
Date of publication, distribution, etc 1984
300 ## - PHYSICAL DESCRIPTION
Extent 273 p.
546 ## - LANGUAGE NOTE
Language note EN
942 ## - ADDED ENTRY ELEMENTS (KOHA)
Koha item type Books
Holdings
Withdrawn status Lost status Damaged status Not for loan Home library Current library Date acquired Total Checkouts Full call number Barcode Date last seen Price effective from Koha item type
        UMT Main Campus UMT Main Campus 2014-03-18   153.12 MIN-T 5086 2014-03-18 2014-03-18 Books